[Event "ECC"]
[Site "Rethymnon GRE"]
[Date "2003.10.03"]
[Round "6"]
[White "Glek,I"]
[Black "Cekro,E"]
[Result "1/2-1/2"]
[WhiteElo "2566"]
[BlackElo "2441"]
[EventDate "2003.09.28"]

1. e4 d6 2. d4 Nf6 3. Nc3 g6 4. f4 Bg7 5. Nf3 O-O 6. Bd3 Na6 7. e5 Nd7 8.
Be3 c5 9. Bxa6 cxd4 10. Bxd4 dxe5 11. fxe5 bxa6 12. Qe2 Nb6 13. O-O-O Qc7
14. Rhe1 Rb8 15. Kb1 Nc4 16. b3 Bf5 17. Nd5 Na3+ 18. Kb2 Qb7 19. c4 Nc2 20.
Rf1 Nxd4 21. Nxd4 1/2-1/2

[Event "ECC"]
[Site "Rethymnon GRE"]
[Date "2003.10.03"]
[Round "6"]
[White "Gulbas,C"]
[Black "Marechal,A"]
[Result "1-0"]
[WhiteElo "2340"]
[BlackElo "2256"]
[EventDate "2003.09.28"]

1. e4 e6 2. d4 d5 3. e5 c5 4. c3 Nc6 5. Nf3 Nge7 6. Na3 Ng6 7. h4 Be7 8. h5
Nh4 9. Nxh4 Bxh4 10. Qg4 Be7 11. Qxg7 Kd7 12. Nc2 cxd4 13. cxd4 Kc7 14.
Qxf7 Bd7 15. Be3 Rc8 16. Bd3 Kb8 17. Qf3 Qb6 18. O-O Rcf8 19. Qe2 Rf7 20.
Rab1 Qd8 21. b4 Qe8 22. b5 Nd8 23. Nb4 Rg8 24. Na6+ bxa6 25. bxa6+ Kc8 26.
Rfc1+ Bc6 27. Qb2 Qf8 28. Qb8+ Kd7 29. Rxc6 Rfg7 30. Rc7+ Ke8 31. Qb5+ Kf7
32. Bf1 Rg4 33. Qe2 Qg7 34. Qf3+ 1-0

[Event "ECC"]
[Site "Rethymnon GRE"]
[Date "2003.10.03"]
[Round "6"]
[White "Meessen,R"]
[Black "Hautot,S"]
[Result "0-1"]
[WhiteElo "2279"]
[BlackElo "2317"]
[EventDate "2003.09.28"]

1. d4 d5 2. c4 c6 3. Nf3 Nf6 4. Nc3 dxc4 5. e4 b5 6. e5 Nd5 7. a4 h6 8.
axb5 Nxc3 9. bxc3 cxb5 10. Ba3 Be6 11. Be2 Bd5 12. O-O Nc6 13. Nd2 a5 14.
f4 e6 15. Bxf8 Rxf8 16. Qb1 Rb8 17. Qh7 Ne7 18. Bf3 Bxf3 19. Rxf3 Nf5 20.
g4 Nxd4 21. Rf2 Nb3 22. Ra2 Nxd2 23. Raxd2 Qb6 24. Rd6 Qc5 25. Qxg7 Rd8 26.
Rxd8+ Kxd8 27. f5 exf5 28. gxf5 Kc8 29. Qxh6 Rd8 30. Kf1 Rd1+ 31. Kg2 Rd3
32. Qa6+ Kb8 33. Qxa5 Qd5+ 34. Kg1 Rd1+ 35. Rf1 Qc5+ 36. Kg2 Rd2+ 37. Kf3
Qc6+ 38. Kf4 Qh6+ 39. Ke4 Qh4+ 40. Rf4 Qe1+ 0-1

[Event "ECC"]
[Site "Rethymnon GRE"]
[Date "2003.10.03"]
[Round "6"]
[White "Goossens,E"]
[Black "Petzold,K"]
[Result "1-0"]
[WhiteElo "2234"]
[BlackElo "2275"]
[EventDate "2003.09.28"]

1. e4 c6 2. d4 d5 3. Nd2 dxe4 4. Nxe4 Nd7 5. Ng5 Ngf6 6. Bc4 e6 7. Qe2 Nb6
8. Bd3 h6 9. N5f3 c5 10. Bb5+ Bd7 11. Be3 Nbd5 12. O-O-O Qa5 13. Bxd7+ Nxd7
14. Kb1 Rc8 15. Bd2 Qa4 16. b3 Qa3 17. c4 cxd4 18. Nxd4 Nb4 19. Bc1 Qa5 20.
Ngf3 Be7 21. a3 Na6 22. Nb5 Nf6 23. Bd2 Qb6 24. Be3 Qc6 25. Nxa7 Qc7 26.
Nxc8 Qxc8 27. b4 O-O 28. Bc1 Qc7 29. Bb2 Nd7 30. c5 Nf6 31. Qe5 Qc8 32. g4
Nb8 33. Rhg1 Nc6 34. Qe3 Nd5 35. Qc1 f6 36. Rge1 Nc7 37. Qc4 Kh8 38. h4 e5
39. h5 Ne6 40. Nh4 Nf4 41. Bc1 Kh7 42. Bxf4 exf4 43. Qe4+ f5 44. Nxf5 1-0

[Event "ECC"]
[Site "Rethymnon GRE"]
[Date "2003.10.03"]
[Round "6"]
[White "Christensen,To"]
[Black "Sigfusson,S"]
[Result "1-0"]
[WhiteElo "2371"]
[BlackElo "2323"]
[EventDate "2003.09.28"]

1. c4 f5 2. g3 e6 3. Bg2 d5 4. Nf3 c6 5. Qc2 Nf6 6. d3 Bd6 7. Nc3 Bc7 8. e3
O-O 9. O-O Na6 10. a3 e5 11. cxd5 cxd5 12. b4 Kh8 13. Bb2 e4 14. Nd4 Be5
15. Nce2 Qe8 16. Rab1 Bd7 17. dxe4 fxe4 18. Nf4 Rc8 19. Qb3 Bxf4 20. exf4
Qh5 21. Qd1 Qf7 22. Rc1 Nc7 23. f3 Nce8 24. Rxc8 Bxc8 25. fxe4 Nxe4 26. Nf3
N8f6 27. Ng5 Qe7 28. Qd4 b6 29. Qe5 Re8 30. Qxe7 Rxe7 31. Nxe4 Nxe4 32. Be5
Kg8 33. Rc1 Bb7 34. Bh3 Kf7 35. Bg4 g6 36. Bd4 h5 37. Bf3 Nd2 38. Bg2 Nb3
39. Rd1 Nxd4 40. Rxd4 Re3 41. Bxd5+ Bxd5 42. Rxd5 Rxa3 43. Kg2 a5 44. Rd7+
Ke6 45. Rb7 a4 46. Rxb6+ Kd5 47. Rxg6 Ra2+ 48. Kh3 Kc4 49. Rh6 a3 50. Rxh5
Rf2 51. Ra5 Kxb4 52. Ra7 Kb3 53. Kg4 Rxh2 54. f5 a2 55. f6 Rf2 56. Kg5 Kb2
57. g4 Rf3 58. Kg6 Ra3 59. Rxa3 Kxa3 60. f7 a1=Q 61. f8=Q+ Kb3 62. Qb8+ Kc4
63. Qf4+ Kb3 64. Qe3+ Kc4 65. Qe4+ Kb3 66. Qd3+ Kb4 67. Qd6+ Kb3 68. Qb6+
Kc4 69. Qc6+ Kb3 70. g5 Qe5 71. Qf6 Qe4+ 72. Kg7 Ka4 73. g6 Qb7+ 74. Kf8
Qc8+ 75. Kf7 Qd7+ 76. Qe7 Qf5+ 77. Kg7 Qd5 78. Qe8+ Ka5 79. Qe1+ Ka4 80.
Qa1+ Kb5 81. Qf6 Ka5 82. Kh7 Qh5+ 83. Kg8 Qd5+ 84. Kf8 Qc5+ 85. Kf7 Qc7+
86. Qe7 Qc4+ 87. Qe6 Qc7+ 88. Kf6 Qd8+ 89. Kf5 Qd3+ 90. Qe4 Qd7+ 91. Kf4
Qd2+ 92. Ke5 Qc3+ 93. Kf4 Qc1+ 94. Kg4 Qd1+ 95. Kh4 Qd8+ 96. Kh5 Qf6 97.
Qe1+ Ka6 98. Qe2+ Kb6 99. Qe3+ Ka6 100. Qd3+ Kb6 101. Qd5 Ka6 102. Kh6 Qh4+
103. Kg7 Qe7+ 104. Kh8 Qe8+ 105. Kh7 Qe7+ 106. g7 Qh4+ 107. Kg6 Qg4+ 108.
Qg5 Qe4+ 109. Qf5 Qg2+ 110. Kf6 Qb2+ 111. Qe5 Qf2+ 112. Ke6 Qg2 113. Qd6+
Ka7 114. Qc7+ Ka6 115. Qc8+ Ka7 116. g8=Q Qe4+ 117. Kf6 Qd4+ 118. Kg5 Qe3+
119. Kh5 Qe5+ 120. Qg5 Qh2+ 121. Kg6 Qd6+ 122. Kh7 Qh2+ 123. Kg8 Qa2+ 124.
Kf8 1-0

[Event "ECC"]
[Site "Rethymnon GRE"]
[Date "2003.10.03"]
[Round "6"]
[White "Asmundsson,I"]
[Black "Jelling,E"]
[Result "0-1"]
[WhiteElo "2321"]
[BlackElo "2400"]
[EventDate "2003.09.28"]

1. e4 c6 2. d4 d5 3. exd5 cxd5 4. Bd3 Nc6 5. c3 g6 6. h3 Nh6 7. g4 Bg7 8.
Be3 f6 9. Qd2 Nf7 10. f4 e5 11. fxe5 fxe5 12. dxe5 Nfxe5 13. Na3 O-O 14.
O-O-O Be6 15. Kb1 d4 16. cxd4 Nxd3 17. Qxd3 Qd5 18. Ne2 Nb4 19. Qd2 Qxa2+
20. Kc1 Rac8+ 21. Nc3 Qa1+ 22. Nab1 Ba2 0-1

[Event "ECC"]
[Site "Rethymnon GRE"]
[Date "2003.10.03"]
[Round "6"]
[White "Ochsner,T"]
[Black "Bjornsson,S"]
[Result "1/2-1/2"]
[WhiteElo "2362"]
[BlackElo "2302"]
[EventDate "2003.09.28"]

1. e4 e5 2. Nf3 Nc6 3. Bc4 Bc5 4. c3 Nf6 5. d3 d6 6. Bb3 a6 7. O-O Ba7 8.
Nbd2 O-O 9. h3 Ne7 10. Re1 Ng6 11. Nf1 Nh5 12. d4 Nhf4 13. Ng3 Be6 14. Be3
Qc8 15. Ng5 Bxb3 16. axb3 h6 17. Nf3 Qe6 18. d5 Qf6 19. Kh2 Ne7 20. b4 Qg6
21. Qd2 Bxe3 22. fxe3 Nh5 23. Nxh5 Qxh5 24. g4 Qg6 25. Qd3 c6 26. c4 cxd5
27. cxd5 Rac8 28. Rec1 Rxc1 29. Rxc1 h5 30. Nh4 Qf6 31. Kg3 Ng6 32. Nf5 h4+
33. Kg2 Qd8 34. Qa3 Ne7 35. Nxe7+ Qxe7 36. Qc3 Qg5 37. Rf1 Qd8 38. Kf3 g6
39. Ke2 Qd7 40. Rc1 f5 41. gxf5 gxf5 42. Qc7 Qb5+ 43. Qc4 fxe4 44. Qxb5
axb5 45. Rg1+ Kh7 46. Rg4 Rf3 47. Rxh4+ Kg6 48. b3 Rg3 49. Kf2 Rf3+ 50. Ke2
Rg3 51. Rh8 Rg2+ 52. Kf1 Rb2 53. Rd8 Rxb3 54. Rxd6+ Kf5 55. Rd7 Rxe3 56.
Rf7+ Kg5 57. Rg7+ Kf5 58. Rf7+ Kg5 59. Rg7+ Kf6 60. Rxb7 Rxh3 61. Rxb5 Rd3
62. Ke2 Rd4 63. Rb6+ Kf5 64. d6 Kf4 65. d7 Rxd7 66. Rf6+ Kg5 67. Rf8 Rb7
68. Ke3 Rxb4 69. Rf7 Kg4 70. Rf8 Ra4 71. Rf7 Rb4 1/2-1/2

[Event "ECC"]
[Site "Rethymnon GRE"]
[Date "2003.10.03"]
[Round "6"]
[White "Edvardsson,K"]
[Black "Pedersen,F"]
[Result "0-1"]
[WhiteElo "2253"]
[BlackElo "2282"]
[EventDate "2003.09.28"]

1. e4 c6 2. d4 d5 3. e5 Bf5 4. Nc3 Qb6 5. g4 Bd7 6. f4 h5 7. f5 hxg4 8.
Qxg4 Nh6 9. Bxh6 Qxb2 10. Bd2 Qxa1+ 11. Kf2 e6 12. Bd3 Na6 13. Kg2 Qb2 14.
Nge2 Qb6 15. Rb1 Qc7 16. Nf4 exf5 17. Qf3 O-O-O 18. Bxa6 bxa6 19. Qd3 Qa5
20. Ncxd5 Qxa2 21. Rb3 Qa4 22. Nc3 Qa5 23. Nce2 Qa4 24. Qc3 Be6 25. Nxe6
fxe6 26. Qb2 Be7 27. Rb7 Qa3 28. Rb8+ Kd7 29. Qb7+ Ke8 30. Rxd8+ Bxd8 31.
Qxc6+ Kf7 32. Nf4 Qe7 33. d5 Bb6 34. dxe6+ Kg8 35. Qc8+ Qd8 36. Qxd8+ Bxd8
37. Ng6 Rh5 38. e7 Bxe7 39. Nxe7+ Kf7 40. Nd5 Rh8 41. Nc7 Ke7 42. Bb4+ Kd7
43. Nxa6 Rc8 44. Nc5+ Kc6 45. c4 a5 46. Ba3 Re8 47. Nd3 g5 48. Kg3 Rb8 49.
Nc1 Kd7 50. Bd6 Rb2 51. Kf3 Rxh2 52. Nd3 Kc6 53. Be7 g4+ 54. Kf4 Rd2 55.
Nc5 Rd4+ 56. Kxf5 g3 57. Ne6 Rxc4 58. Ng5 g2 59. Nf3 Rc1 60. Kf4 Rf1 61.
Kg3 Rxf3+ 62. Kxg2 Rf5 63. Bd6 Kd5 64. Kg3 a4 0-1

[Event "ECC"]
[Site "Rethymnon GRE"]
[Date "2003.10.03"]
[Round "6"]
[White "Ostenstad,B"]
[Black "Scekic,M"]
[Result "1-0"]
[WhiteElo "2469"]
[BlackElo "2434"]
[EventDate "2003.09.28"]

1. c4 c6 2. e4 d5 3. cxd5 cxd5 4. exd5 Nf6 5. Nc3 Nxd5 6. Nf3 e6 7. d4 Be7
8. Bd3 Nc6 9. O-O O-O 10. Re1 Nf6 11. a3 b6 12. Bg5 Bb7 13. Bc2 Nd5 14. Qd3
g6 15. Bh6 Re8 16. Ba4 Nxc3 17. bxc3 Qd6 18. h4 Rec8 19. h5 Bf6 20. hxg6
hxg6 21. Ng5 Ne7 22. Bb3 Nf5 23. Rxe6 fxe6 24. Bxe6+ Qxe6 25. Nxe6 Rc6 26.
g4 Rxe6 27. gxf5 Be4 28. Qc4 Bxf5 29. Re1 Rae8 30. Bf4 Kh7 31. Be5 g5 32.
Re3 Bd8 33. Qd5 Kg6 34. Rf3 g4 35. Rxf5 Kxf5 36. Bc7+ 1-0

[Event "ECC"]
[Site "Rethymnon GRE"]
[Date "2003.10.03"]
[Round "6"]
[White "Benderac,S"]
[Black "Tisdall,J"]
[Result "1-0"]
[WhiteElo "2345"]
[BlackElo "2481"]
[EventDate "2003.09.28"]

1. e4 e5 2. Bc4 Nf6 3. d3 Nc6 4. Nf3 Be7 5. O-O O-O 6. Re1 d6 7. a4 a5 8.
c3 Nd7 9. Be3 Kh8 10. d4 Nb6 11. Bb5 exd4 12. cxd4 f5 13. e5 f4 14. Bd2 Bg4
15. Bc3 dxe5 16. Bxc6 bxc6 17. dxe5 Nd5 18. Nbd2 Nxc3 19. bxc3 Qd5 20. Qe2
Rab8 21. Rab1 Bc5 22. Rxb8 Rxb8 23. h3 Bh5 24. Qe4 Bxf3 25. Nxf3 Qxe4 26.
Rxe4 Rb1+ 27. Kh2 Bxf2 28. Rxf4 Kg8 29. Rc4 c5 30. e6 Kf8 31. Rf4+ Ke8 32.
Re4 Ke7 33. Re2 Rf1 34. g4 Bd4 35. Kg2 Rxf3 36. Kxf3 Bxc3 37. Re4 Bd4 38.
Ke2 c6 39. Kd3 Bf6 40. Kc4 Bd4 41. g5 Bf2 42. Rf4 Bd4 43. Rf7+ Kxe6 44. Ra7
1-0

[Event "ECC"]
[Site "Rethymnon GRE"]
[Date "2003.10.03"]
[Round "6"]
[White "Ekeberg,C"]
[Black "Batinic,P"]
[Result "0-1"]
[WhiteElo "2226"]
[BlackElo "2191"]
[EventDate "2003.09.28"]

1. Nf3 Nf6 2. c4 e6 3. Nc3 d5 4. d4 Nbd7 5. Bg5 Be7 6. e3 O-O 7. Rc1 c6 8.
Bd3 dxc4 9. Bxc4 b5 10. Bd3 a6 11. e4 h6 12. Bxf6 Nxf6 13. e5 Nd7 14. O-O
c5 15. d5 exd5 16. Nxd5 Nb6 17. Nxe7+ Qxe7 18. Bb1 g6 19. Qe2 Bg4 20. Rfe1
Rac8 21. Qe3 Kg7 22. Nd2 Rfd8 23. b3 Nd5 24. Qg3 Be6 25. Ne4 c4 26. Nd6 Rc6
27. bxc4 bxc4 28. h4 h5 29. Be4 Rc5 30. Bxd5 Rxd5 31. Rxc4 Ra5 32. Rf4 Qc7
33. a3 Qc2 34. Kh2 Kg8 35. Re3 Rd5 36. Ne4 Rd1 37. Rf6 Bg4 38. Rf4 Qc1 39.
Qxg4 hxg4 40. Ng5 R8d3 0-1

[Event "ECC"]
[Site "Rethymnon GRE"]
[Date "2003.10.03"]
[Round "6"]
[White "Plakalovic,P"]
[Black "Jansson,J"]
[Result "1-0"]
[WhiteElo "2168"]
[BlackElo "2256"]
[EventDate "2003.09.28"]

1. e4 c5 2. Nf3 d6 3. c3 Nf6 4. Be2 Nc6 5. d4 Bg4 6. d5 Bxf3 7. gxf3 Nb8 8.
Nd2 g6 9. Nc4 Nbd7 10. a4 Bg7 11. Bg5 h6 12. Be3 Nb6 13. Qd2 Nxc4 14. Bxc4
a6 15. a5 Nd7 16. f4 b5 17. axb6 Qxb6 18. Qe2 Rb8 19. Bc1 a5 20. O-O O-O
21. Ra2 Qc7 22. Be3 Rb7 23. Rfa1 Rfb8 24. Bc1 Ra7 25. Bb5 Nb6 26. c4 a4 27.
Ra3 Kh7 28. Qc2 Bd4 29. Rh3 Rg8 30. Raa3 Nd7 31. Rag3 Bg7 32. e5 f5 33.
exf6 Bxf6 34. Qe4 Raa8 35. Qe6 Rad8 36. Qf7+ Rg7 37. Rxh6+ Kxh6 38. Rh3+
1-0

[Event "ECC"]
[Site "Rethymnon GRE"]
[Date "2003.10.03"]
[Round "6"]
[White "Fejzullahu,A"]
[Black "Fahrner,K"]
[Result "0-1"]
[WhiteElo "2306"]
[BlackElo "2369"]
[EventDate "2003.09.28"]

1. e4 Nf6 2. e5 Nd5 3. d4 d6 4. Nf3 Bg4 5. Be2 e6 6. O-O Be7 7. c4 Nb6 8.
exd6 cxd6 9. Nc3 O-O 10. a4 Nc6 11. a5 Bxf3 12. gxf3 Nd7 13. a6 bxa6 14.
Rxa6 Nb4 15. Ra4 a5 16. f4 d5 17. c5 Nb8 18. Be3 N8c6 19. Kh1 Qd7 20. Rg1
Rfb8 21. Qd2 Bf6 22. Rga1 Qd8 23. Na2 Nxa2 24. R1xa2 g6 25. Bf3 Rb5 26. Be2
Rb7 27. Qc3 Rab8 28. Bd1 Kg7 29. b3 Rb4 30. Kg2 Qc7 31. Rxb4 Rxb4 32. Rd2
Rb8 33. Qa1 Qb7 34. Qa4 Qc7 35. Rd3 Rb4 36. Qa1 Qb8 37. Qc3 Qb5 38. Rd2 Kg8
39. Be2 Qb8 40. Bd1 Qf8 41. Ra2 Qd8 42. Rd2 h6 43. h3 Kh7 44. Be2 Qb8 45.
Qa1 Rxb3 46. Qa4 Qb4 47. Qxc6 Rxe3 48. fxe3 Qxd2 49. Kf3 Qe1 50. Qb7 Kg7
0-1

[Event "ECC"]
[Site "Rethymnon GRE"]
[Date "2003.10.03"]
[Round "6"]
[White "Makoli,P"]
[Black "Ebner,H"]
[Result "1/2-1/2"]
[WhiteElo "2236"]
[BlackElo "2256"]
[EventDate "2003.09.28"]

1. e4 c5 2. Nf3 Nc6 3. d4 cxd4 4. Nxd4 g6 5. Nc3 Bg7 6. Be3 Nf6 7. Bc4 O-O
8. Bb3 d6 9. f3 Bd7 10. Qd2 Nxd4 11. Bxd4 b5 12. Nd5 Nxd5 13. Bxg7 Kxg7 14.
Bxd5 Rc8 15. a3 Qc7 16. c3 a5 17. h4 h5 18. Bb3 Qc5 19. Rd1 Rc7 20. Qd4+
Qxd4 21. Rxd4 Rb8 22. Kd2 Kf6 23. Ke3 Be6 24. Bxe6 Kxe6 25. Rhd1 Rb6 26.
R1d3 Rb8 27. Rd5 Rc4 28. R3d4 Rc7 29. Kd3 Rb6 30. Kc2 Rb8 31. g4 hxg4 32.
fxg4 Rcb7 33. Rd2 f6 34. h5 gxh5 35. gxh5 Rh8 36. a4 bxa4 37. Rxa5 a3 38.
bxa3 Rhb8 39. Kd3 Rb1 40. Rh2 Rd1+ 41. Kc2 Re1 42. Rh4 Rc8 43. Kd2 Rg1 44.
Rh3 Ra1 45. h6 Kf7 46. Ra7 Rh8 47. Kc2 Rh7 48. Kb2 Re1 49. Rh4 Kg6 50. Rg4+
Kf7 51. Rh4 Kg6 52. Kb3 Kg5 53. Rxe7 Rxe7 54. h7 Rb7+ 55. Kc2 Rxh7 56. Rxh7
Rxe4 57. Rd7 Ra4 58. Rxd6 Rxa3 59. Kd3 1/2-1/2

[Event "ECC"]
[Site "Rethymnon GRE"]
[Date "2003.10.03"]
[Round "6"]
[White "Grivas,E"]
[Black "Nyysti,S"]
[Result "1-0"]
[WhiteElo "2492"]
[BlackElo "2399"]
[EventDate "2003.09.28"]

1. d4 Nf6 2. Nf3 e6 3. g3 d5 4. Bg2 Be7 5. O-O O-O 6. c4 dxc4 7. Qc2 a6 8.
a4 Bd7 9. Qxc4 Bc6 10. Bf4 a5 11. Nc3 Na6 12. Rfe1 Nb4 13. Rac1 Nfd5 14.
Nxd5 exd5 15. Qb3 b6 16. Ne5 Bb7 17. Nd3 Nxd3 18. Qxd3 Bd6 19. Bxd6 Qxd6
20. Rc2 f5 21. Rec1 Rf7 22. Qb5 Rd8 23. b4 axb4 24. a5 Ra8 25. axb6 c6 26.
Qc5 Qxc5 27. dxc5 Rff8 28. Bxd5+ cxd5 29. c6 Rab8 30. cxb7 Rxb7 31. Rc6
Rfb8 32. Rc8+ Kf7 33. R8c7+ Ke6 34. R7c6+ Ke5 35. f4+ Ke4 36. Re6+ Kd4 37.
Kf2 Rxb6 38. Re3 g5 39. Rd3+ Ke4 40. Re3+ Kd4 41. Kf3 g4+ 42. Kf2 Rh6 43.
h4 1-0

[Event "ECC"]
[Site "Rethymnon GRE"]
[Date "2003.10.03"]
[Round "6"]
[White "Kouvatsos,F"]
[Black "Kosmo,S"]
[Result "1-0"]
[WhiteElo "2067"]
[BlackElo "2180"]
[EventDate "2003.09.28"]

1. d4 Nf6 2. Nf3 c5 3. d5 e6 4. c4 exd5 5. cxd5 d6 6. e4 g6 7. Bd3 Bg7 8.
h3 O-O 9. O-O Nh5 10. Re1 Nd7 11. Nbd2 Re8 12. Nc4 Nb6 13. Ne3 Bd7 14. Rb1
a5 15. Nh2 Qc7 16. Neg4 c4 17. Bf1 c3 18. bxc3 Bxc3 19. Nh6+ Kg7 20. Re3
Be5 21. Reb3 Ba4 22. N2g4 Bxb3 23. Qxb3 Nd7 24. Nxe5 Nxe5 25. g4 Nf6 26. f4
Ned7 27. e5 dxe5 28. d6 Qxd6 29. Qxf7+ Kh8 30. Qxe8+ Nxe8 31. Nf7+ Kg8 32.
Nxd6 Nxd6 33. Ba3 Ne4 34. Bc4+ Kh8 35. Rxb7 Ndc5 36. Bb2 Re8 37. Rb8 1-0

[Event "ECC"]
[Site "Rethymnon GRE"]
[Date "2003.10.03"]
[Round "6"]
[White "Porrasmaa,T"]
[Black "Sandalakis,A"]
[Result "1/2-1/2"]
[WhiteElo "2219"]
[BlackElo "2138"]
[EventDate "2003.09.28"]

1. d4 d5 2. Nf3 Nf6 3. e3 e6 4. Bd3 c5 5. b3 Nc6 6. O-O Bd6 7. Bb2 Qb6 8.
c4 cxd4 9. cxd5 Nxd5 10. Nxd4 Be5 11. Nd2 Qc7 12. N2f3 Bf6 13. Rc1 O-O 14.
Ba3 Be7 15. Bxe7 Ndxe7 16. Nxc6 Nxc6 17. Nd4 Bd7 18. Be4 Qa5 19. Nxc6 Bxc6
20. Bxc6 bxc6 21. Qc2 Rfd8 22. Rfd1 Rxd1+ 23. Rxd1 Rd8 1/2-1/2

[Event "ECC"]
[Site "Rethymnon GRE"]
[Date "2003.10.03"]
[Round "6"]
[White "Stavrianakis,I"]
[Black "Saastamoinen,A"]
[Result "1/2-1/2"]
[WhiteElo "2035"]
[BlackElo "2170"]
[EventDate "2003.09.28"]

1. d4 Nf6 2. c4 e6 3. Nc3 Bb4 4. e3 O-O 5. Bd3 c5 6. Nge2 d5 7. O-O dxc4 8.
Bxc4 cxd4 9. exd4 h6 10. a3 Be7 11. Be3 Nbd7 12. Nf4 Nb6 13. Ba2 Bd7 14.
Qd3 Bc6 15. Rad1 Re8 16. Bb1 Kf8 17. Qe2 Nbd5 18. Nfxd5 exd5 19. Qd2 Ng4
20. Bf4 Bg5 21. Bf5 Qf6 22. Bxg5 Qxf5 23. Bf4 Re6 24. f3 Nf6 25. Be5 Nd7
26. Bg3 Rae8 27. Rfe1 f6 28. Rxe6 Rxe6 29. Re1 Kf7 30. Re2 a6 31. h3 Rxe2
32. Qxe2 Qe6 1/2-1/2

[Event "ECC"]
[Site "Rethymnon GRE"]
[Date "2003.10.03"]
[Round "6"]
[White "Teterev,V"]
[Black "Brady,S"]
[Result "1-0"]
[WhiteElo "2497"]
[BlackElo "2336"]
[EventDate "2003.09.28"]

1. e4 e6 2. d3 d5 3. Nd2 Nf6 4. Ngf3 b6 5. c3 Be7 6. Qa4+ Qd7 7. Qc2 dxe4
8. dxe4 O-O 9. e5 Nd5 10. Nc4 Rd8 11. Be2 Qe8 12. Ng5 Bxg5 13. Bxg5 f6 14.
exf6 gxf6 15. Bh4 Nd7 16. O-O Bb7 17. Rfe1 Nf4 18. Bf1 Qg6 19. Qxg6+ Nxg6
20. Bg3 e5 21. Ne3 Nc5 22. Bc4+ Kf8 23. Rad1 Rxd1 24. Rxd1 Re8 25. f3 Re7
26. b4 Na6 27. Bf2 Nb8 28. Ng4 Nd7 29. Bb5 c6 30. Bc4 Nf4 31. Rd6 Nd5 32.
b5 1-0

[Event "ECC"]
[Site "Rethymnon GRE"]
[Date "2003.10.03"]
[Round "6"]
[White "Fitzpatrick,B"]
[Black "Lukashok,A"]
[Result "0-1"]
[WhiteElo "2052"]
[BlackElo "2390"]
[EventDate "2003.09.28"]

1. e4 c5 2. c3 d6 3. Nf3 Nf6 4. Be2 Nbd7 5. d3 e6 6. O-O Be7 7. Re1 b6 8.
Bf1 Bb7 9. Nbd2 O-O 10. b3 Ne5 11. Bb2 Rc8 12. a3 Rc7 13. Ng5 Ng6 14. g3
Nd7 15. Nh3 e5 16. Qh5 d5 17. Rad1 Nf6 18. Qe2 Rd7 19. Ng5 Ba6 20. c4 dxe4
21. dxe4 Bd6 22. Nb1 Qc7 23. Nc3 h6 24. Nf3 Re8 25. h4 Ne7 26. Qe3 Nc6 27.
Nd5 Qd8 28. Bh3 Rb7 29. Nh2 Nd4 30. Rd2 b5 31. cxb5 Bxb5 32. b4 Nxd5 33.
exd5 cxb4 34. Nf3 Nxf3+ 0-1

[Event "ECC"]
[Site "Rethymnon GRE"]
[Date "2003.10.03"]
[Round "6"]
[White "Mastrokoukos,G"]
[Black "Scannell,S"]
[Result "1-0"]
[WhiteElo "2363"]
[BlackElo "2155"]
[EventDate "2003.09.28"]

1. e4 c6 2. Nf3 d5 3. exd5 cxd5 4. c4 Nf6 5. cxd5 Nxd5 6. Nc3 e6 7. Bc4 Nc6
8. O-O Be7 9. d4 O-O 10. Re1 Nxc3 11. bxc3 Bf6 12. Bd3 b6 13. Qe2 Bb7 14.
h4 g6 15. h5 Qd5 16. hxg6 hxg6 17. Be4 Qh5 18. Qe3 Kg7 19. Nh2 Rh8 20. Qg3
Na5 21. Bxb7 Nxb7 22. Bf4 Rac8 23. Qd3 Na5 24. g4 Qh4 25. Re4 g5 26. Bg3
Qh7 27. Rae1 Rc4 28. Qf3 Rhc8 29. R4e3 Qc2 30. R1e2 Qc1+ 31. Kg2 Rxc3 32.
Be5 Bxe5 33. dxe5 Rxe3 34. Qf6+ Kf8 35. Rxe3 Rc3 36. Qd8+ Kg7 37. Qxg5+ Kf8
38. Qd8+ Kg7 39. Qf6+ Kg8 40. Qg5+ Kf8 41. Qd8+ Kg7 42. Qf6+ Kg8 43. Rf3
Rxf3 44. Nxf3 Qc7 45. Ng5 Nc4 46. Qh6 Qc6+ 47. f3 Nxe5 48. Qh7+ Kf8 49.
Qh8+ Ke7 50. Qxe5 f6 51. Qe4 Qxe4 52. Nxe4 f5 53. Nc3 Kf6 54. Kf2 a6 55.
Ke3 b5 56. Kf4 b4 57. Na4 fxg4 58. fxg4 a5 59. Nc5 e5+ 60. Ke4 Kg5 61. Kxe5
Kxg4 62. Kd5 Kf4 63. Kc4 Ke3 64. Nb7 1-0

[Event "ECC"]
[Site "Rethymnon GRE"]
[Date "2003.10.03"]
[Round "6"]
[White "Koerholz,L"]
[Black "Schwaninger,W"]
[Result "0-1"]
[WhiteElo "2336"]
[BlackElo "2207"]
[EventDate "2003.09.28"]

1. d4 g6 2. e4 Bg7 3. Nf3 d6 4. c4 c5 5. d5 Bg4 6. Be2 Bxf3 7. Bxf3 Nd7 8.
h4 h5 9. O-O Ne5 10. Be2 Nh6 11. Nc3 Neg4 12. Bg5 Qd7 13. Qd2 f6 14. Bf4
Nf7 15. Bd1 O-O 16. f3 Nge5 17. Be2 Kh7 18. Nd1 Rg8 19. Nf2 Bh6 20. Bxh6
Nxh6 21. f4 Neg4 22. Nd3 Rg7 23. Rae1 Rag8 24. Bf3 b5 25. b3 bxc4 26. bxc4
Qa4 27. Qc3 Rb8 28. Rb1 Rgg8 29. Rb3 Rb6 30. Ra3 Qd7 31. e5 fxe5 32. fxe5
Nxe5 33. Nxe5 dxe5 34. Qxe5 Rf6 35. Re1 Rg7 36. Be4 Qg4 37. Qg5 Rf4 38.
Bxg6+ Rxg6 39. Rxe7+ Nf7 40. Qxg4 hxg4 41. Raxa7 Kg7 42. Kh2 g3+ 43. Kg1
Rgf6 44. Re1 Rxc4 45. Ra3 Rg6 46. Rf3 Rcg4 47. Re7 Rf6 48. Rc7 Rxf3 49.
gxf3 Rxh4 50. Rxc5 Nd6 51. Kg2 Nf5 52. d6 Rh2+ 53. Kg1 Kf6 54. Rc8 Rd2 55.
Rg8 Rxd6 56. a4 Ke5 57. a5 Kf4 58. Rf8 Ra6 59. Kg2 Rxa5 60. Kh3 Ra2 0-1

[Event "ECC"]
[Site "Rethymnon GRE"]
[Date "2003.10.03"]
[Round "6"]
[White "Kreindl,H"]
[Black "Brittner,S"]
[Result "1/2-1/2"]
[WhiteElo "2201"]
[BlackElo "2245"]
[EventDate "2003.09.28"]

1. d4 Nf6 2. Nf3 c5 3. e3 e6 4. Bd3 b6 5. O-O Bb7 6. b3 Be7 7. Bb2 O-O 8.
Nbd2 d6 9. Qe2 Nc6 10. a3 Rc8 11. c4 Rc7 12. Rac1 Qa8 13. Rfd1 Rd8 14. Bb1
cxd4 15. exd4 d5 16. cxd5 Nxd5 17. Qe4 g6 18. Nc4 Rdc8 19. Ne3 Nd8 20. Nxd5
Bxd5 21. Qe3 Rxc1 22. Rxc1 Rxc1+ 23. Bxc1 Nc6 24. b4 Qd8 25. Be4 Bf6 26.
Bb2 Ne7 27. h3 Bxe4 28. Qxe4 Nd5 29. Ne5 Bxe5 30. dxe5 b5 31. Bd4 a6 32. h4
h5 33. Bc5 Kg7 34. g3 a5 35. Qd3 axb4 36. axb4 Qd7 37. Qa3 Qb7 38. Qa5 Nc3
39. Qd8 Qf3 40. Qf8+ Kh7 41. Be3 Nd1 42. Qh6+ Kg8 43. Bc5 Nc3 44. Qf8+ Kh7
45. Qe8 Ne2+ 46. Kh2 Nc1 47. Qxb5 Nd3 48. Be3 Qe4 49. Qe8 Nxe5 50. Kg1 Qxb4
51. Bf4 Qe1+ 52. Kg2 Qe4+ 53. Kf1 Qb1+ 54. Kg2 Qb7+ 55. Kf1 Nd3 56. Be3 Qf3
57. Qa4 e5 58. Qc4 e4 59. Kg1 Ne5 60. Qd5 Qf5 61. Kg2 Qf3+ 62. Kg1 Nd3 63.
Qc4 Ne1 64. Qf1 Qd1 65. Kh1 f6 66. Kh2 Nf3+ 67. Kg2 Qxf1+ 68. Kxf1 g5 69.
hxg5 fxg5 70. Kg2 Kg6 71. Kh3 Kf6 72. Bb6 Ke5 73. Be3 Kd5 74. Kg2 Kc4 75.
Kf1 Kd3 76. Bb6 h4 77. gxh4 gxh4 78. Kg2 Ke2 79. Kh3 Kd3 80. Kg4 Kc4 81.
Bd8 Kd4 82. Bxh4 Nxh4 83. Kxh4 e3 84. fxe3+ Kxe3 1/2-1/2

[Event "ECC"]
[Site "Rethymnon GRE"]
[Date "2003.10.03"]
[Round "6"]
[White "Oberweis,P"]
[Black "Lenz,A"]
[Result "1/2-1/2"]
[WhiteElo "2183"]
[BlackElo "2189"]
[EventDate "2003.09.28"]

1. e4 e6 2. d4 d5 3. Nc3 Bb4 4. e5 c5 5. a3 Bxc3+ 6. bxc3 Ne7 7. Qg4 Kf8 8.
h4 Qc7 9. Rh3 cxd4 10. cxd4 Qxc2 11. Bd2 Qe4+ 12. Qxe4 dxe4 13. Re3 b6 14.
Rxe4 Bb7 15. Re3 Nd5 16. Rh3 Nc6 17. Nf3 Ke7 18. Rg3 Rhg8 19. Bd3 f5 20.
exf6+ gxf6 21. Bxh7 Rxg3 22. fxg3 f5 23. h5 Kf7 24. Kf2 Kg7 25. Bg6 Nde7
26. Nh4 Nxg6 27. Nxg6 Rd8 28. Bc3 Kh6 29. Rd1 Rd6 30. Re1 Bc8 31. Nf4 Nxd4
32. Bxd4 Rxd4 33. Rc1 Bd7 34. Rc7 a5 35. Rb7 Rd6 36. Rb8 b5 37. Rh8+ Kg7
38. Rd8 e5 39. Ng6 Rd5 40. Nxe5 Rxe5 41. Rxd7+ Kh6 42. Ra7 a4 43. Kf3 Kxh5
44. Kf4 Rc5 45. Ra6 Rd5 46. Rc6 Rd3 47. Rc5 Kg6 48. Rxb5 Rxa3 49. Rb6+ Kg7
50. Ra6 Kf7 51. g4 fxg4 52. Kxg4 Ra2 53. g3 a3 54. Kg5 Ra1 55. g4 a2 56.
Ra7+ Ke6 57. Kg6 Rg1 58. Ra6+ 1/2-1/2

[Event "ECC"]
[Site "Rethymnon GRE"]
[Date "2003.10.03"]
[Round "6"]
[White "Zsifkovits,R"]
[Black "Corbin,P"]
[Result "1/2-1/2"]
[WhiteElo "2118"]
[BlackElo "2235"]
[EventDate "2003.09.28"]

1. e4 d6 2. d4 Nf6 3. Nc3 g6 4. Be3 c6 5. h3 b5 6. Bd3 Nbd7 7. a4 b4 8.
Nce2 e5 9. Nf3 a5 10. O-O Qc7 11. Ng3 Bg7 12. c3 bxc3 13. bxc3 O-O 14. Qd2
Re8 15. Rab1 Ba6 16. Rb2 Bxd3 17. Qxd3 Reb8 18. Rfb1 Rxb2 19. Rxb2 Rb8 20.
Rxb8+ Nxb8 21. Qb1 Nfd7 22. Qb3 Na6 23. Ng5 Nf8 24. dxe5 Bxe5 25. Qc4 Nb8
26. Kh2 h6 27. Nf3 Bg7 28. Nd4 h5 29. Bf4 h4 30. Nge2 g5 31. Nb5 Qd7 32.
Bxg5 cxb5 33. axb5 Ng6 34. Nd4 Be5+ 35. Kg1 Kh7 36. Qd5 f6 37. Bd2 a4 38.
Qa8 d5 39. exd5 Bxd4 40. cxd4 Qxb5 41. d6 Nd7 42. Qe8 Kg7 43. Qe3 Kf7 44.
g3 hxg3 45. fxg3 Qb1+ 46. Kf2 Qb2 47. Ke1 Qb1+ 48. Kf2 Qb2 49. Ke1 Qb1+ 50.
Kf2 1/2-1/2